Statistics for Slime rancher slimes

Click here to take the quiz!

General Stats

  • This quiz has been taken 221 times
  • The average score is 13 of 20

Answer Stats

Answer% Correct
Pink
96%
Rock
94%
Tabby
87%
Rad
80%
Boom
78%
Honey
75%
Phosphor
72%
Puddle
71%
Fire
68%
Hunter
68%
Gold
67%
Crystal
66%
Lucky
55%
Mosaic
53%
Quantum
52%
Dervish
50%
Tangle
44%
Saber
42%
Quicksilver
40%
Glitch
33%

Score Distribution

Percentile by Number Answered

Percent of People with Each Score

Your Score History

You have not taken this quiz